000 00268nam a2200109Ia 4500
008 240625s9999 xx 000 0 und d
041 _aeng
082 _a658.15224 RAO
100 _aRAO S S PRASADA
245 _aFINANCIAL ENGINEERING RISK MANAGEMENT AN
260 _c2014
999 _c35171
_d35171